| 000 | 00378nam a2200145Ia 4500 | ||
|---|---|---|---|
| 008 | 231221s9999 xx 000 0 und d | ||
| 020 | _a978-0-86612-114-5 | ||
| 041 | _aEnglish | ||
| 082 | _a647.950687 VIR;1 R | ||
| 100 | _aVirts, William B | ||
| 245 | 0 | _aPurchasing for Hospitality Operations | |
| 260 |
_c1996 _bAH & LEI _aLansing MI |
||
| 300 | _axiv+385 | ||
| 942 | _cHM | ||
| 999 |
_c208583 _d208583 |
||